header

Signal processing fundamentals and applications for communications and sensing systems (Record no. 55066)

MARC details
000 -LEADER
fixed length control field 01306nam a2200337Ia 4500
082 04 - DEWEY DECIMAL CLASSIFICATION NUMBER
Classification number 621.382/2
100 1# - MAIN ENTRY--AUTHOR NAME
Personal name Minkoff, John.
245 10 - TITLE STATEMENT
Title Signal processing fundamentals and applications for communications and sensing systems
260 ## - PUBLICATION, DISTRIBUTION, ETC. (IMPRINT)
Place of publication Boston :
Name of publisher Artech House,
Year of publication 2002.
300 ## - PHYSICAL DESCRIPTION
Number of Pages xiii, 308 p. :
Other physical details ill.
490 1# - SERIES STATEMENT
Series statement Artech House signal processing library
650 #0 - SUBJECT ADDED ENTRY--TOPICAL TERM
Topical Term Signal processing.
Topical Term Detectors.
856 40 - ELECTRONIC LOCATION AND ACCESS
Uniform Resource Identifier http://site.ebrary.com/lib/rucke/Doc?id=10081907

No items available.

© 2026 Rongo University
Contact us: librarian | system librarian | Rongo university